| 000 | 00000nam 2200000zi 4500 |
| 001 | 9.936198 |
| 003 | CaOODSP |
| 005 | 20240402145742 |
| 006 | m o d f |
| 007 | cr |n||||||||| |
| 008 | 240402e198104 onc o f000 0 eng d |
| 020 | |z0662115287 |
| 040 | |aCaOODSP|beng|erda|cCaOODSP |
| 043 | |an-cn--- |
| 086 | 1 |aST41-3/19-1981E-PDF|zST41-3/1981-19E |
| 245 | 04|aThe Canadian space program plan for 1981/82 - 1983/84. |
| 264 | 1|a[Ottawa] : |bMinistry of State, Science and Technology Canada = Ministère d'État, Science et technologie Canada, |cApril 1981. |
| 264 | 4|c©1981 |
| 300 | |a1 online resource (1 volume (various pagings)). |
| 336 | |atext|btxt|2rdacontent |
| 337 | |acomputer|bc|2rdamedia |
| 338 | |aonline resource|bcr|2rdacarrier |
| 490 | 1 |aMOSST background paper ; |v19 |
| 500 | |aIssued also in French under title: Le Programme spatial canadien de 1981-1982 à 1983-1984. |
| 500 | |aDigitized edition from print [produced by Innovation, Science and Economic Development Canada]. |
| 650 | 0|aAstronautics and state|zCanada. |
| 650 | 0|aTelecommunication|xTechnological innovations|zCanada. |
| 710 | 1 |aCanada. |bMinistry of State, Science and Technology, |eissuing body. |
| 775 | 08|tLe Programme spatial canadien de 1981-1982 à 1983-1984.|w(CaOODSP)9.936218 |
| 830 | #0|aMOSST background paper ;|v19.|w(CaOODSP)9.895443 |
| 856 | 40|qPDF|s773 KB|uhttps://publications.gc.ca/collections/collection_2024/isde-ised/st41-3/ST41-3-19-1981-eng.pdf |